000 00670nam a2200289Ia 4500
005 20260324143829.0
008 008 260324s9999 xx 000 0 eng d
020 _a9780203104057
037 _aEBOOK
040 _aCRL
040 _beng
040 _cCRL
041 _2eng
041 _aeng
084 _qCRL
100 _aLinda Mahood
_91217088
245 4 _aThe Magdalenes
245 0 _bProstitution in the Nineteenth Century
260 _bTaylor and Francis
260 _c1990
365 _a
365 _b230
856 _uhttp://www.taylorfrancis.com/books/9780203104057
942 _cEBOOK
999 _c1822946
_d1822946